00406nam a2200133 a 450000500170000000800410001702000180005805000250007624500660010126000430016730000340021052100070024465000210025120140310183544.0110930s19uu xx 00 eng d a9781592537051 aTS 195.4b.On58 2008 a1000 package designs :ba comprehensive guide to packing it / aChicago :bRockport publishers,c2008. a440 p. :bcol. ill. ;c16 cm. aMC aPackaging design